Juice Leskisen sanoituksia - Statistics

Yleistilastot
  • Tätä visaa on pelattu 138 kertaa
  • Keskiarvotulos 7 / 15
Vastaustilastot
Sanoitus Kappale % Oikein
Riisu yltäni tähtivyö Musta aurinko nousee
91%
Onko väliä sen, hän minne menee yöksi? Rakkauden ammattilainen
87%
Pyydä minut aamuteelle, anna vettä kuihtuneelle Syksyn sävel
81%
Se on osa Neuvostoliitosta, siellä digataan Eeva-Riitta Siitosta Eesti
79%
Ja rokkiin vien Sirpaa ja Jattaa Juankoski here I come
72%
Kun yö saapuu ylle elämän valtatien Luonas kai olla saan
36%
Nyt se on Kekkonen riisuttu alasti! Siniristiloppumme
33%
Sitten pastori tukehtui öylättiin, ja kohtapa kirstua höylättiin! Ekumeeninen jenkka
30%
Vaikka kadoksi ryyppäisin kaiken muun, koskaan unohtaa voi sitä en Pienestä pitäen
29%
"Tota, kai tästä sitten laulun teet?" Mä sanoin etten voi. Dokumentti
24%
Hitler with a rythm stick! Mussolini perusdiini
24%
Ja Nixon herää unesta Heinolassa jyrää
22%
Epäselvät mielikuvat täytyy terottaa; Hölmöt pannaan etualalle, ja nerot taa Aamu alkaa a:lla
20%
Käsi Padre Giovannin, se pehmeä lämmin, vailla vikaa Anni Domini
16%
Ne ennen sahtia joi, ja kehu: "Erinomaanen mallas!" Kulttuuri saapui Ähtäriin
13%
Ehtoja vastaavia visoja ei löytynyt
Tulosjakauma
Jokaisen tuloksen saaneiden osuus
Persentiili vastausten määrän mukaan
Tuloshistoriasi
Et ole pelannut tätä visaa